000 00457nam a2200181Ia 4500
003 OSt
005 20230606203726.0
008 210423s2010 xx 000 0 und d
040 _cAL
041 _aeng
082 _a658.3
_223
_bBERH
100 _aBERNARDIN (H G).
_9120392
245 _aHuman resource management.
260 _aNew Delhi
_bTata McGraw-hill
_c2010
365 _b510
_cINR
906 _aHuman ; management. ; resource
942 _2ddc
_cBK
999 _c175946
_d175946